[Event "Schachfestival 2014 - Senioren"]
[Site "Woerishofen Bad"]
[Date "2014.03.21"]
[Round "1.12"]
[White "Minz, Michail"]
[Black "Blosze, Winfried"]
[Result "1-0"]
[WhiteElo "2108"]
[BlackElo "1857"]
[PlyCount "79"]
[EventDate "2014.03.21"]
[EventType "swiss"]
[EventCountry "GER"]
[WhiteTeam "SK Gau-Algesheim"]
[BlackTeam "SV Königsspringer 1929 Grossauheim"]
[WhiteTeamCountry "GER"]
[BlackTeamCountry "GER"]

1. e4 e5 2. Nc3 Nf6 3. Bc4 Bc5 4. Nf3 d6 5. d3 Bg4 6. Na4 Nbd7 7. Nxc5 Nxc5 8.
Be3 Ncd7 9. h3 Be6 10. Bxe6 fxe6 11. c3 b6 12. Qb3 Qe7 13. Ng5 d5 14. h4 h6 15.
O-O-O O-O-O 16. Nf3 dxe4 17. dxe4 Nxe4 18. Qa4 Nd6 19. Qxa7 Qf6 20. Qa6+ Kb8
21. a4 Nf5 22. a5 Nxe3 23. axb6 Nxb6 24. fxe3 Rd5 25. c4 Rc5 26. b3 Rd8 27.
Rxd8+ Qxd8 28. Rd1 Qf6 29. Rd2 g5 30. hxg5 hxg5 31. Rc2 e4 32. Nd4 e5 33. Nb5
Qf1+ 34. Kb2 Qd3 35. Qa7+ Kc8 36. Rf2 Qxe3 37. Rf8+ Kd7 38. Rf7+ Ke6 39. Nxc7+
Rxc7 40. Rxc7 1-0

[Event "Schachfestival 2014 - Senioren"]
[Site "Woerishofen Bad"]
[Date "2014.03.21"]
[Round "1.21"]
[White "Langhoff, Wolfgang"]
[Black "Johnsen, Oystein"]
[Result "0-1"]
[WhiteElo "1820"]
[BlackElo "2048"]
[PlyCount "40"]
[EventDate "2014.03.21"]
[EventType "swiss"]
[EventCountry "GER"]
[WhiteTeam "SK Mannheim-Lindenhof 1865"]
[BlackTeam "Tönsberg"]
[WhiteTeamCountry "GER"]
[BlackTeamCountry "NOR"]

1. d4 f5 2. Nf3 Nf6 3. Bf4 d6 4. e3 g6 5. c4 Bg7 6. Bd3 O-O 7. Nc3 c6 8. Qd2
Nh5 9. Bg3 e6 10. Bh4 Qe8 11. O-O h6 12. Ne2 e5 13. dxe5 dxe5 14. Bc2 g5 15.
Bxg5 hxg5 16. Nxg5 Qe7 17. Nf3 Be6 18. Bb3 Na6 19. Rad1 Rfd8 20. Qa5 Qc7 0-1

[Event "Schachfestival 2014 - Senioren"]
[Site "Woerishofen Bad"]
[Date "2014.03.21"]
[Round "1.26"]
[White "Nachtkamp, Herbert"]
[Black "Flockerzi, Armin"]
[Result "1-0"]
[WhiteElo "2014"]
[BlackElo "1815"]
[PlyCount "121"]
[EventDate "2014.03.21"]
[EventType "swiss"]
[EventCountry "GER"]
[WhiteTeam "SK Norderstedt von 1975"]
[BlackTeam "VfR-SC Koblenz"]
[WhiteTeamCountry "GER"]
[BlackTeamCountry "GER"]

1. d4 d5 2. Nf3 c6 3. e3 Nf6 4. c4 e6 5. Nbd2 Be7 6. Bd3 b6 7. O-O Bb7 8. e4
dxe4 9. Nxe4 Nxe4 10. Bxe4 O-O 11. Ne5 f6 12. Nf3 Nd7 13. Bf4 f5 14. Bc2 Bf6
15. Re1 Re8 16. Ne5 g6 17. Qe2 Rc8 18. Rad1 Qe7 19. Bb3 Bxe5 20. Bxe5 c5 21.
Ba4 Bc6 22. Bxc6 Rxc6 23. Qf3 Rcc8 24. d5 Qf7 25. dxe6 Qxe6 26. Bc3 Qf7 27.
Rxe8+ Rxe8 28. Qc6 Nf8 29. f3 Qe6 30. Qxe6+ Rxe6 31. Kf2 Kf7 32. h4 Re7 33. h5
Rd7 34. hxg6+ hxg6 35. Rh1 a6 36. a4 Rb7 37. Kg3 b5 38. axb5 axb5 39. cxb5 Rxb5
40. Ra1 Rb7 41. Kf4 Ne6+ 42. Ke5 Rd7 43. Ra6 Nd4 44. Rf6+ Kg7 45. Rd6 Re7+ 46.
Kd5 Kf7 47. Kxc5 Ne6+ 48. Kc6 Rc7+ 49. Kb6 Rc8 50. Rd7+ Ke8 51. Rh7 Nf8 52. Rg7
Rc4 53. Kb5 Rc8 54. Bb4 Rb8+ 55. Kc4 Rc8+ 56. Kd3 Rd8+ 57. Ke3 Rb8 58. Ba3 Rb6
59. Rg8 Rf6 60. Kf4 g5+ 61. Kxg5 1-0

[Event "Schachfestival 2014 - Senioren"]
[Site "Woerishofen Bad"]
[Date "2014.03.21"]
[Round "1.15"]
[White "Dallmeier, Gerhard"]
[Black "Lange, Manfred"]
[Result "0-1"]
[WhiteElo "1852"]
[BlackElo "2089"]
[PlyCount "74"]
[EventDate "2014.03.21"]
[EventType "swiss"]
[EventCountry "GER"]
[WhiteTeam "SK Roland Weissenfels"]
[BlackTeam "SV Würzburg von 1865 e.V."]
[WhiteTeamCountry "GER"]
[BlackTeamCountry "GER"]

1. e4 e5 2. Nf3 Nc6 3. Bb5 a6 4. Ba4 d6 5. c3 Bd7 6. O-O Nge7 7. d4 Ng6 8. Nbd2
Be7 9. Re1 O-O 10. Nf1 b5 11. Bb3 Na5 12. Bc2 c5 13. d5 f5 14. exf5 Bxf5 15.
Bxf5 Rxf5 16. Ng3 Rf7 17. b3 Qd7 18. Ng5 Bxg5 19. Bxg5 Raf8 20. Rf1 Nf4 21. Ne4
h6 22. Bh4 Nb7 23. Bg3 Qf5 24. Bxf4 exf4 25. Qf3 Re7 26. Rae1 Rfe8 27. Ng3 Qg5
28. Rxe7 Rxe7 29. Ne4 Qf5 30. Ng3 Qe5 31. Nh5 Rf7 32. g3 fxg3 33. Qg4 gxf2+ 34.
Kg2 Qxd5+ 35. Kg3 Qe5+ 36. Kg2 Qxc3 37. Rxf2 Rxf2+ 0-1

[Event "Schachfestival 2014 - Senioren"]
[Site "Woerishofen Bad"]
[Date "2014.03.21"]
[Round "1.39"]
[White "Neumann, Erwin"]
[Black "Aust, Werner"]
[Result "1-0"]
[WhiteElo "1932"]
[BlackElo "1725"]
[PlyCount "79"]
[EventDate "2014.03.21"]
[EventType "swiss"]
[EventCountry "GER"]
[WhiteTeam "SK Schwäbisch Hall"]
[BlackTeam "Schachverein Eichlinghofen 1935"]
[WhiteTeamCountry "GER"]
[BlackTeamCountry "GER"]

1. e4 c5 2. c3 e5 3. Nf3 Nc6 4. d4 cxd4 5. cxd4 exd4 6. Nxd4 Bb4+ 7. Nc3 a6 8.
Nxc6 bxc6 9. Qd4 Bxc3+ 10. bxc3 Qf6 11. e5 Qg6 12. g3 Ne7 13. Bd3 Qe6 14. O-O
O-O 15. Ba3 Re8 16. Qe4 Qg6 17. Qf3 Qe6 18. Rfe1 Ng6 19. Bd6 Qd5 20. Be4 Qc4
21. h4 a5 22. h5 Nf8 23. Bd3 Qe6 24. Re4 Ba6 25. c4 h6 26. Rf4 f6 27. Bf5 Qf7
28. Qg4 Kh8 29. Bxf8 Rxf8 30. Bxd7 Bc8 31. Bxc8 Rfxc8 32. exf6 gxf6 33. Qf3 Kg7
34. Rd1 a4 35. Rd6 f5 36. Rfd4 Rc7 37. Rg6+ Kf8 38. Qf4 Raa7 39. Qxh6+ Ke8 40.
Qh8+ 1-0

[Event "Schachfestival 2014 - Senioren"]
[Site "Woerishofen Bad"]
[Date "2014.03.21"]
[Round "1.14"]
[White "Nordby, Berndt"]
[Black "Knollmueller, Peter"]
[Result "1-0"]
[WhiteElo "2098"]
[BlackElo "1853"]
[PlyCount "137"]
[EventDate "2014.03.21"]
[EventType "swiss"]
[EventCountry "GER"]
[WhiteTeam "Sarpsborg SK"]
[BlackTeam "SK Töging"]
[WhiteTeamCountry "NOR"]
[BlackTeamCountry "GER"]

1. d4 Nf6 2. Nf3 d5 3. c4 e6 4. Bg5 Be7 5. e3 O-O 6. Nc3 h6 7. Bh4 b6 8. Be2
Bb7 9. Bxf6 Bxf6 10. cxd5 exd5 11. Qb3 c6 12. O-O Qe7 13. Rfe1 Nd7 14. Rad1
Rfc8 15. Bd3 Nf8 16. e4 dxe4 17. Bxe4 Qc7 18. Bf5 Re8 19. Ne4 Qd8 20. Ne5 Bxe5
21. dxe5 Qc7 22. Nd6 Re7 23. f4 Rb8 24. Qg3 c5 25. Bd3 Bd5 26. Nf5 Ne6 27.
Nxe7+ Qxe7 28. f5 Nd4 29. b3 Rb7 30. Qg4 Qg5 31. Qxg5 hxg5 32. Re3 Kf8 33. Kf2
Re7 34. g4 Nc6 35. Rde1 Nd4 36. Rh3 Kg8 37. Be4 Bxe4 38. Rxe4 Nc6 39. Rhe3 Nd4
40. Kg3 Nc2 41. Rc3 Nd4 42. h4 gxh4+ 43. Kxh4 a5 44. a4 Kf8 45. Kg3 Ke8 46. Kf4
Kd7 47. Rxd4+ cxd4 48. Rd3 Kc6 49. Rxd4 b5 50. Ke4 Rb7 51. g5 bxa4 52. bxa4 Kc5
53. f6 gxf6 54. exf6 Rc7 55. Kd3 Rb7 56. Kc3 Ra7 57. Rd8 Rc7 58. Kd3 Rb7 59.
Ke3 Kb4 60. Rd4+ Kc5 61. Ke4 Rc7 62. Ke5 Ra7 63. Rf4 Ra8 64. g6 fxg6 65. f7 g5
66. Rg4 Rf8 67. Ke6 Ra8 68. Rxg5+ Kb4 69. Rg4+ 1-0

[Event "Schachfestival 2014 - Senioren"]
[Site "Woerishofen Bad"]
[Date "2014.03.21"]
[Round "1.9"]
[White "Harke, Horst"]
[Black "Witte, Manfred"]
[Result "0-1"]
[WhiteElo "1877"]
[BlackElo "2160"]
[PlyCount "120"]
[EventDate "2014.03.21"]
[EventType "swiss"]
[EventCountry "GER"]
[WhiteTeam "SK Varel"]
[BlackTeam "VfB Hermsdorf e.V."]
[WhiteTeamCountry "GER"]
[BlackTeamCountry "GER"]

1. d4 Nf6 2. c4 c5 3. d5 e6 4. Nc3 exd5 5. Nxd5 Nxd5 6. Qxd5 Nc6 7. e3 Be7 8.
Nf3 d6 9. Qd1 O-O 10. Bd3 Bf6 11. O-O Bg4 12. h3 Be6 13. Nd2 Re8 14. Ne4 Be7
15. b3 Nb4 16. Bb2 d5 17. cxd5 Qxd5 18. Bb1 Red8 19. Nc3 Qg5 20. Qf3 Nd3 21.
Bxd3 Rxd3 22. Ne4 Qf5 23. Qxf5 Bxf5 24. Ng3 Be6 25. Nh5 Bf8 26. Nf4 Rd2 27.
Nxe6 fxe6 28. Be5 Rad8 29. f3 R8d5 30. Bf4 Rc2 31. Rfd1 Rxa2 32. Rxa2 Rxd1+ 33.
Kf2 a6 34. e4 Rb1 35. Rd2 Rxb3 36. Rd8 Kf7 37. Rc8 Be7 38. Rc7 Ke8 39. Rc8+ Bd8
40. Ke2 Kd7 41. Rxc5 Rb2+ 42. Kf1 Bb6 43. Rg5 Bd4 44. Be5 Bxe5 45. Rxe5 b5 46.
Rg5 g6 47. h4 Ke7 48. h5 Kf6 49. f4 a5 50. g4 Rb4 51. hxg6 hxg6 52. Rc5 Rxe4
53. g5+ Ke7 54. Rxb5 Rxf4+ 55. Ke2 Rf5 56. Rb7+ Kd6 57. Rb6+ Ke5 58. Ke3 Rxg5
59. Kf3 Kf6 60. Ra6 Rb5 0-1

[Event "Schachfestival 2014 - Senioren"]
[Site "Woerishofen Bad"]
[Date "2014.03.21"]
[Round "1.31"]
[White "Wolfram, Gisbert"]
[Black "Oud, Niek"]
[Result "1-0"]
[WhiteElo "1803"]
[BlackElo "2000"]
[PlyCount "169"]
[EventDate "2014.03.21"]
[EventType "swiss"]
[EventCountry "GER"]
[WhiteTeam "SU Ebersberg-Grafing"]
[BlackTeam "VAS"]
[WhiteTeamCountry "GER"]
[BlackTeamCountry "NED"]

1. Nf3 Nf6 2. g3 d5 3. Bg2 Bf5 4. d3 e6 5. O-O Bd6 6. Nbd2 Nbd7 7. Qe1 O-O 8.
e4 dxe4 9. dxe4 Bg6 10. e5 Bxc2 11. Qe2 Nc5 12. exd6 Bd3 13. dxc7 Qxc7 14. Qe5
Qxe5 15. Nxe5 Bxf1 16. Nxf1 Rfd8 17. Bf4 Nd5 18. Bxd5 exd5 19. Rd1 f6 20. Nf3
Ne6 21. Be3 b6 22. Nd4 Kf7 23. Nd2 Nxd4 24. Bxd4 Rac8 25. Nf3 Rc4 26. Bc3 b5
27. a3 a6 28. Nd4 Rd7 29. f3 Rc8 30. Re1 Re8 31. Rxe8 Kxe8 32. Kf2 Kf7 33. Ke3
h5 34. Nc6 Rd6 35. Nd4 g6 36. Ne2 Re6+ 37. Kd3 g5 38. Nd4 Re8 39. Nf5 Kg6 40.
Ne3 Rd8 41. Kd4 Kf7 42. Nf5 Rd7 43. Kc5 Kg6 44. Kc6 Rh7 45. Ne3 f5 46. Nxd5 h4
47. Be5 hxg3 48. hxg3 Kf7 49. Nb4 Rh6+ 50. Kc5 Ke6 51. Bg7 Rh7 52. Bc3 a5 53.
Nc6 b4 54. axb4 axb4 55. Nd4+ Kd7 56. Kxb4 Rf7 57. f4 gxf4 58. gxf4 Kd6 59. Nf3
Kd5 60. Be5 Rb7+ 61. Ka4 Ra7+ 62. Kb5 Rb7+ 63. Ka5 Kc5 64. Ka6 Rb4 65. Nh4 Ra4+
66. Kb7 Rb4+ 67. Kc7 Ra4 68. Nxf5 Ra7+ 69. Kd8 Ra8+ 70. Ke7 Ra7+ 71. Kf6 Ra6+
72. Bd6+ Kd5 73. b4 Rb6 74. Ke7 Rb7+ 75. Kf6 Rb6 76. Kg5 Rb7 77. Bc5 Ke6 78.
Kg6 Rb8 79. Ne7 Rf8 80. f5+ Kd7 81. Kg7 Ke8 82. f6 Rf7+ 83. Kg6 Rf8 84. Kf5 Kf7
85. Nc6 1-0

[Event "Schachfestival 2014 - Senioren"]
[Site "Woerishofen Bad"]
[Date "2014.03.21"]
[Round "1.45"]
[White "Boldt, Heinrich"]
[Black "Schulz, Franz"]
[Result "1-0"]
[WhiteElo "1922"]
[BlackElo "1670"]
[PlyCount "125"]
[EventDate "2014.03.21"]
[EventType "swiss"]
[EventCountry "GER"]
[WhiteTeam "TSV Kareth-Lappersdorf"]
[BlackTeam "SV Ebersbach"]
[WhiteTeamCountry "GER"]
[BlackTeamCountry "GER"]

1. Nf3 Nf6 2. g3 d5 3. Bg2 c6 4. O-O Bf5 5. d3 h6 6. Nbd2 Nbd7 7. c4 e6 8. a3
a5 9. Re1 Be7 10. b3 O-O 11. Bb2 Re8 12. e4 dxe4 13. dxe4 Bg4 14. Qc2 Bxf3 15.
Nxf3 Nh7 16. e5 Nhf8 17. h4 Qc7 18. Rad1 Red8 19. h5 Nc5 20. Bc3 Qb6 21. b4
axb4 22. axb4 Na6 23. c5 Qc7 24. Ra1 Qb8 25. Nd2 Nc7 26. Nc4 Rxa1 27. Rxa1 Nb5
28. Nd6 Bxd6 29. exd6 Nxc3 30. Qxc3 Nd7 31. Bf3 Rc8 32. Qe3 b6 33. Rc1 bxc5 34.
bxc5 Qb4 35. g4 Qb2 36. Rc3 Qa1+ 37. Kg2 Qa5 38. Rc4 Qd8 39. Be2 Nf6 40. f4 Nd5
41. Qg3 f6 42. Qd3 Qd7 43. Kg3 Re8 44. Re4 Qf7 45. Bd1 f5 46. gxf5 Qxf5 47. Bg4
Qf6 48. Qd4 Qxd4 49. Rxd4 Kf7 50. Ra4 Rd8 51. Ra7+ Kf6 52. Bf3 Nb4 53. Rc7 g6
54. hxg6 Kxg6 55. Bxc6 Na6 56. Be4+ Kf6 57. Rc6 Nb8 58. Rb6 Rc8 59. Rxb8 Rxb8
60. c6 Rb3+ 61. Kh4 Rc3 62. c7 e5 63. d7 1-0

[Event "Schachfestival 2014 - Senioren"]
[Site "Woerishofen Bad"]
[Date "2014.03.21"]
[Round "1.2"]
[White "Bhend, Edwin"]
[Black "Schaberg, Wolfgang"]
[Result "1-0"]
[WhiteElo "2200"]
[BlackElo "1884"]
[PlyCount "103"]
[EventDate "2014.03.21"]
[EventType "swiss"]
[EventCountry "GER"]
[WhiteTeam "Trümmerfeld"]
[BlackTeam "Scacchi Franciacorta"]
[WhiteTeamCountry "SUI"]
[BlackTeamCountry "ITA"]

1. e4 d6 2. d4 Nf6 3. Nc3 g6 4. Nf3 Bg7 5. Be2 O-O 6. O-O Na6 7. h3 c5 8. Be3
cxd4 9. Bxd4 Nc7 10. Re1 Ne6 11. Be3 Nd7 12. Qd2 Re8 13. Bh6 Bh8 14. Bc4 Nb6
15. Bf1 Qc7 16. Rab1 Nc4 17. Qc1 Bd7 18. Nd5 Qc6 19. c3 a5 20. Bxc4 Qxc4 21.
Nb6 Qc7 22. Nxa8 Rxa8 23. Qc2 Rc8 24. Rbd1 Bb5 25. Be3 Qc4 26. Qb1 Nc5 27. Bxc5
Rxc5 28. Nd4 Bd7 29. Rd2 Be5 30. Qd3 Kf8 31. Nb3 Qxd3 32. Rxd3 Rb5 33. Rd5 Rxd5
34. exd5 b6 35. Nd2 b5 36. a3 Ke8 37. Nf3 Bf6 38. g4 h6 39. Re4 g5 40. Kg2 Kd8
41. Nd4 Be5 42. f3 Kc7 43. Kf2 a4 44. Ke2 Kb6 45. Nf5 Bxf5 46. gxf5 Kc5 47. Rb4
h5 48. Kd3 h4 49. c4 bxc4+ 50. Rxc4+ Kxd5 51. Rb4 Kc5 52. Kc2 1-0

[Event "Schachfestival 2014 - Senioren"]
[Site "Woerishofen Bad"]
[Date "2014.03.21"]
[Round "1.6"]
[White "Daeubler, Heinrich"]
[Black "Rueggeberg, Wilhelm"]
[Result "1-0"]
[WhiteElo "2169"]
[BlackElo "1882"]
[PlyCount "111"]
[EventDate "2014.03.21"]
[EventType "swiss"]
[EventCountry "GER"]
[WhiteTeam "Schachclub Haselmuehl"]
[BlackTeam "Sfr.Saarburg-Trier"]
[WhiteTeamCountry "GER"]
[BlackTeamCountry "GER"]

1. d4 Nf6 2. c4 e6 3. Nf3 d5 4. g3 c5 5. cxd5 exd5 6. Bg2 Nc6 7. O-O cxd4 8.
Nxd4 Be7 9. Nc3 O-O 10. Bf4 a6 11. Rc1 Be6 12. Nxe6 fxe6 13. Bh3 e5 14. Bg5 d4
15. Bxf6 Bxf6 16. Ne4 Kh8 17. Nc5 Qe7 18. Qb3 Nd8 19. Nd7 Re8 20. Rc7 b5 21.
Nxf6 Qxf6 22. Rfc1 Rf8 23. f3 Rb8 24. Qd3 Qh6 25. Bf5 g6 26. Bg4 Qg5 27. h4 Qf6
28. h5 Rb7 29. hxg6 Qxg6 30. Qxg6 hxg6 31. Rxb7 Nxb7 32. Rc6 Na5 33. Rxg6 Nc4
34. Rxa6 Nxb2 35. Rb6 d3 36. exd3 Nxd3 37. Rxb5 Re8 38. Bf5 Nc1 39. Ra5 Ne2+
40. Kf2 Nd4 41. Be4 Re7 42. Ke3 Kg7 43. f4 exf4+ 44. Kxd4 fxg3 45. Rg5+ Kf6 46.
Rg6+ Kf7 47. Rxg3 Ra7 48. Bd5+ Kf6 49. Re3 Ra5 50. Bc4 Ra4 51. Kc5 Kf5 52. Kb5
Ra7 53. a4 Kf4 54. Re1 Rb7+ 55. Kc6 Rb4 56. Bb5 1-0

[Event "Schachfestival 2014 - Senioren"]
[Site "Woerishofen Bad"]
[Date "2014.03.21"]
[Round "1.55"]
[White "Lubberich, Alfred"]
[Black "Dittmann, Heinz"]
[Result "1/2-1/2"]
[WhiteElo "1892"]
[BlackElo "1564"]
[PlyCount "41"]
[EventDate "2014.03.21"]
[EventType "swiss"]
[EventCountry "GER"]
[WhiteTeam "Schachgemeinschaft Nettetal 1929"]
[BlackTeam "Schachgemeinschaft Nettetal 1929"]
[WhiteTeamCountry "GER"]
[BlackTeamCountry "GER"]

1. Nf3 Nf6 2. d4 d5 3. c4 e6 4. Nc3 Nbd7 5. e3 c5 6. Bd3 b6 7. O-O Bb7 8. a3
Be7 9. b4 dxc4 10. Bxc4 O-O 11. Bb2 Rc8 12. Rc1 b5 13. Bd3 Nb6 14. Qe2 Nbd5 15.
Ne4 Re8 16. Nxc5 Ba8 17. Qd2 Bd6 18. g3 Nc7 19. Rfd1 Bxc5 20. Rxc5 Ncd5 21. Ne5
1/2-1/2

[Event "Schachfestival 2014 - Senioren"]
[Site "Woerishofen Bad"]
[Date "2014.03.21"]
[Round "1.37"]
[White "Kreie, Guenther"]
[Black "Kearsley, Raymond J"]
[Result "0-1"]
[WhiteElo "1939"]
[BlackElo "1700"]
[PlyCount "162"]
[EventDate "2014.03.21"]
[EventType "swiss"]
[EventCountry "GER"]
[WhiteTeam "Turn- u. Sportverein Eichholz-Re"]
[BlackTeam "Wimbledon"]
[WhiteTeamCountry "GER"]
[BlackTeamCountry "ENG"]

1. e4 c5 2. d4 cxd4 3. c3 d3 4. Bxd3 Nc6 5. Nf3 e6 6. O-O Nf6 7. h3 h6 8. Be3
Be7 9. b4 a6 10. a4 d5 11. Nbd2 dxe4 12. Nxe4 Nxe4 13. Bxe4 Qc7 14. Qe2 O-O 15.
Nd4 Bd7 16. Nxc6 Bxc6 17. Bxc6 Qxc6 18. Bd4 Rfd8 19. Rfd1 Rd7 20. b5 axb5 21.
axb5 Qc8 22. Rxa8 Qxa8 23. Qg4 Bf8 24. Re1 Rd5 25. b6 Rg5 26. Qd1 Qa5 27. c4
Bc5 28. Bxc5 Qxc5 29. Qd8+ Kh7 30. Qc7 Qxc7 31. bxc7 Rc5 32. Rb1 Rxc7 33. h4
Rxc4 34. Rxb7 f6 35. g3 e5 36. Kg2 e4 37. Re7 Kg6 38. f4 f5 39. Kf2 Rc2+ 40.
Kf1 Rc3 41. Kf2 Rc5 42. Ra7 Rc2+ 43. Kf1 e3 44. Re7 Rf2+ 45. Ke1 Rf3 46. Ke2
Rxg3 47. Re5 Kf6 48. h5 Rh3 49. Ra5 Rxh5 50. Kxe3 Rh3+ 51. Kf2 Kg6 52. Kg2 Re3
53. Kf2 Re4 54. Kf3 Kf6 55. Ra6+ Re6 56. Ra8 g5 57. Rh8 Kg7 58. Ra8 g4+ 59. Kf2
h5 60. Kg3 Kg6 61. Rg8+ Kh6 62. Rh8+ Kg7 63. Rxh5 Re3+ 64. Kg2 Kg6 65. Rh8 Rf3
66. Rg8+ Kf7 67. Rg5 Rxf4 68. Kg3 Rf3+ 69. Kg2 Kf6 70. Rg8 Ke5 71. Ra8 Re3 72.
Ra5+ Kf4 73. Ra4+ Re4 74. Ra3 Rd4 75. Kf2 Rd2+ 76. Kf1 g3 77. Kg1 Kg4 78. Ra8
Kf3 79. Ra3+ Kg4 80. Ra8 f4 81. Ra4 Kh3 0-1

[Event "Schachfestival 2014 - Senioren"]
[Site "Woerishofen Bad"]
[Date "2014.03.22"]
[Round "2.38"]
[White "Wawrinsky, Ludwig"]
[Black "Ziltener, Werner"]
[Result "0-1"]
[WhiteElo "1817"]
[BlackElo "2005"]
[PlyCount "142"]
[EventDate "2014.03.21"]
[EventType "swiss"]
[EventCountry "GER"]
[WhiteTeam "1.Schachklub Neuperlach e.V."]
[WhiteTeamCountry "GER"]

1. e4 e6 2. d4 b6 3. c4 Bb4+ 4. Nd2 Nf6 5. Bd3 Bb7 6. f3 O-O 7. Ne2 d5 8. cxd5
exd5 9. e5 Nfd7 10. O-O c5 11. f4 Nc6 12. Nf3 cxd4 13. a3 Be7 14. Kh1 Nc5 15.
Nexd4 Nxd4 16. Nxd4 Nxd3 17. Qxd3 Qc8 18. Qg3 Bc5 19. Be3 Kh8 20. Rac1 Qd7 21.
b4 Bxd4 22. Bxd4 Rac8 23. e6 fxe6 24. Rce1 Rc4 25. Rd1 Ba6 26. Rfe1 Qf7 27. h4
Bc8 28. Be5 Qg6 29. Re3 Rf7 30. Qxg6 hxg6 31. g3 Rf8 32. Kg2 Bd7 33. h5 Rc2+
34. Kf3 Bc6 35. Bd4 Bd7 36. h6 Rf7 37. hxg7+ Rxg7 38. Rc3 Rxc3+ 39. Bxc3 Kg8
40. Bxg7 Kxg7 41. Rc1 Kf6 42. Rc7 Ba4 43. Rxa7 Bd1+ 44. Ke3 b5 45. Rb7 Ba4 46.
g4 g5 47. Rb6 d4+ 48. Kxd4 gxf4 49. Ke4 Kg5 50. Rxe6 Bc2+ 51. Kd4 Kxg4 52. Re5
Ba4 53. Re7 Kg3 54. Rg7+ Kf2 55. Kd3 f3 56. Kd2 Bb3 57. Rg5 Bc4 58. Rg4 Be2 59.
Re4 Kf1 60. Ke3 Ke1 61. Rf4 Kd1 62. Rxf3 Bxf3 63. Kxf3 Kc2 64. Ke4 Kb3 65. Kd4
Kxa3 66. Kc3 Ka4 67. Kc2 Kxb4 68. Kb2 Kc4 69. Kc2 b4 70. Kb2 b3 71. Kc1 Kc3 0-1

[Event "Schachfestival 2014 - Senioren"]
[Site "Woerishofen Bad"]
[Date "2014.03.22"]
[Round "2.20"]
[White "Harsch, Martin"]
[Black "Kuhn, Hans"]
[Result "1-0"]
[WhiteElo "2013"]
[BlackElo "1561"]
[PlyCount "51"]
[EventDate "2014.03.21"]
[EventType "swiss"]
[EventCountry "GER"]
[WhiteTeam "Roche Basel"]
[WhiteTeamCountry "SUI"]

1. e4 e5 2. Nf3 d6 3. d4 exd4 4. Nxd4 Be7 5. Nc3 Nc6 6. Bf4 a6 7. Qd2 Bd7 8.
O-O-O h6 9. Kb1 Bf6 10. Nxc6 Bxc3 11. Qxc3 Bxc6 12. Qxg7 Qf6 13. Qxf6 Nxf6 14.
f3 O-O-O 15. c4 Nd7 16. Be2 f6 17. g4 Rh7 18. Rd2 Ne5 19. Rhd1 Nd7 20. b3 b6
21. Kc2 a5 22. Kc3 Ne5 23. Rd4 Bd7 24. a3 Be6 25. b4 Nc6 26. R4d2 1-0

[Event "Schachfestival 2014 - Senioren"]
[Site "Woerishofen Bad"]
[Date "2014.03.22"]
[Round "2.13"]
[White "Boettcher, Ulrich"]
[Black "Huhn, Ulrich"]
[Result "1/2-1/2"]
[WhiteElo "2078"]
[BlackElo "1908"]
[PlyCount "81"]
[EventDate "2014.03.21"]
[EventType "swiss"]
[EventCountry "GER"]
[BlackTeam "SF Siemensstadt"]
[BlackTeamCountry "GER"]

1. c4 Nf6 2. Nc3 d5 3. cxd5 Nxd5 4. g3 e5 5. Bg2 c6 6. Nf3 Nxc3 7. bxc3 Bd6 8.
a4 O-O 9. O-O Bf5 10. d4 Nd7 11. a5 a6 12. Nh4 Be6 13. e4 Nf6 14. f4 Bc4 15.
fxe5 Bxe5 16. dxe5 Bxf1 17. Qxf1 Nd7 18. Be3 Nxe5 19. Bb6 Qd2 20. Nf5 Rfe8 21.
Bd4 Rad8 22. Rd1 Qg5 23. Rb1 Rd7 24. Bh3 Qd8 25. Bb6 Qg5 26. Bd4 Qd8 27. Qf4 f6
28. Bb6 Rd1+ 29. Bf1 Qd3 30. Rxd1 Qxd1 31. Kg2 Qc2+ 32. Kh3 Qd1 33. Bd4 Ng6 34.
Bc4+ Kh8 35. Qc7 Qh5+ 36. Kg2 Nh4+ 37. Nxh4 Rxe4 38. Qc8+ Re8 39. Qf5 Qh6 40.
Qf1 Qh5 41. Qf5 1/2-1/2

[Event "Schachfestival 2014 - Senioren"]
[Site "Woerishofen Bad"]
[Date "2014.03.22"]
[Round "2.26"]
[White "Seyffer, Guenther"]
[Black "Mombelli, Antonio"]
[Result "1/2-1/2"]
[WhiteElo "2054"]
[BlackElo "1806"]
[PlyCount "94"]
[EventDate "2014.03.21"]
[EventType "swiss"]
[EventCountry "GER"]
[WhiteTeam "SK 1929 Jöhlingen"]
[WhiteTeamCountry "GER"]

1. d4 d5 2. e4 dxe4 3. Nc3 Nf6 4. Bg5 Nbd7 5. Qd2 h6 6. Bh4 c6 7. O-O-O Nb6 8.
Bxf6 exf6 9. Nxe4 Be7 10. Nf3 O-O 11. Kb1 a5 12. Rg1 Be6 13. Bd3 Bb4 14. c3 Qd5
15. cxb4 Qxa2+ 16. Kc1 Qa1+ 17. Bb1 axb4 18. Qd3 f5 19. Nc5 Nc4 20. Rd2 Nxd2
21. Nxd2 Bd5 22. Qxf5 g6 23. Qc2 Rfe8 24. Ndb3 Qa7 25. Nd7 Kg7 26. Ne5 Re7 27.
Qc5 b6 28. Qxb4 c5 29. Qb5 Qc7 30. Kd2 cxd4 31. f4 Bxb3 32. Qxb3 Qc5 33. Rc1
Qa5+ 34. Kd1 f6 35. Nf3 Rae8 36. Bd3 g5 37. fxg5 hxg5 38. h3 f5 39. Qc4 Rd8 40.
b4 Qa3 41. Nxd4 Red7 42. Ne6+ Kh6 43. Nxd8 Rxd3+ 44. Ke2 Rxd8 45. Qe6+ Kh5 46.
Qf7+ Kh4 47. Rc4+ f4 1/2-1/2

[Event "Schachfestival 2014 - Senioren"]
[Site "Woerishofen Bad"]
[Date "2014.03.22"]
[Round "2.9"]
[White "Young, Melvyn Jack"]
[Black "Minz, Michail"]
[Result "0-1"]
[WhiteElo "1917"]
[BlackElo "2108"]
[PlyCount "64"]
[EventDate "2014.03.21"]
[EventType "swiss"]
[EventCountry "GER"]
[BlackTeam "SK Gau-Algesheim"]
[BlackTeamCountry "GER"]

1. e4 e6 2. Nf3 d5 3. Nc3 Nf6 4. e5 Nfd7 5. d4 a6 6. Bd3 Be7 7. Qe2 c5 8. dxc5
Nxc5 9. O-O Nc6 10. a3 Bd7 11. Bf4 Rc8 12. Rfe1 h6 13. b4 Nxd3 14. Qxd3 Qc7 15.
Nxd5 exd5 16. e6 Qxf4 17. exd7+ Kxd7 18. Qxd5+ Kc7 19. b5 Rhd8 20. Qb3 axb5 21.
Qxb5 Rd7 22. Rab1 Kd8 23. Qb6+ Ke8 24. Rb3 Kf8 25. Rbe3 Bf6 26. Re4 Qd6 27. g3
g6 28. Qe3 Kg7 29. c4 Re7 30. Rxe7 Nxe7 31. Qb3 Rc7 32. Rd1 Qc5 0-1

[Event "Schachfestival 2014 - Senioren"]
[Site "Woerishofen Bad"]
[Date "2014.03.22"]
[Round "2.49"]
[White "Westermayer, Johann"]
[Black "Harke, Horst"]
[Result "0-1"]
[WhiteElo "1643"]
[BlackElo "1877"]
[PlyCount "78"]
[EventDate "2014.03.21"]
[EventType "swiss"]
[EventCountry "GER"]
[BlackTeam "SK Varel"]
[BlackTeamCountry "GER"]

1. Nf3 Nf6 2. c4 d6 3. d4 g6 4. Nc3 Bg7 5. e4 O-O 6. Be2 c5 7. d5 Bg4 8. O-O
Nbd7 9. h3 Bxf3 10. Bxf3 Nb6 11. Be2 Nfd7 12. Rb1 Rc8 13. Bd2 a6 14. a4 Na8 15.
f4 e6 16. Qe1 Bd4+ 17. Kh1 Qe7 18. Bg4 Nab6 19. b3 Rfe8 20. Ne2 Bg7 21. Bc3 Nf6
22. Bf3 exd5 23. exd5 Qf8 24. Qh4 Nbd7 25. g4 Ne4 26. Bxe4 Rxe4 27. Bxg7 Qxg7
28. Qf2 Rce8 29. Ng3 Re3 30. Kh2 a5 31. Rfe1 Rxe1 32. Rxe1 Rxe1 33. Qxe1 Qb2+
34. Kg1 Qxb3 35. f5 Ne5 36. Qf2 Qxc4 37. f6 Qxd5 38. Qe3 Qd4 39. Qxd4 cxd4 0-1

[Event "Schachfestival 2014 - Senioren"]
[Site "Woerishofen Bad"]
[Date "2014.03.22"]
[Round "2.42"]
[White "Schuler, Georg"]
[Black "Eigenmann, Christina"]
[Result "1/2-1/2"]
[WhiteElo "1888"]
[BlackElo "1809"]
[PlyCount "50"]
[EventDate "2014.03.21"]
[EventType "swiss"]
[EventCountry "GER"]
[WhiteTeam "SV Balingen"]
[WhiteTeamCountry "GER"]

1. c4 c5 2. Nc3 Nf6 3. g3 d5 4. cxd5 Nxd5 5. Bg2 Nxc3 6. bxc3 Qc7 7. Nf3 Nc6 8.
O-O e6 9. d3 Be7 10. a4 O-O 11. Rb1 Rb8 12. Ba3 Rd8 13. Qc2 b6 14. c4 Bf6 15.
e3 a5 16. Rfd1 Nb4 17. Bxb4 axb4 18. Nd2 Bd7 19. Ne4 Be7 20. d4 Bc6 21. d5 exd5
22. cxd5 Bxd5 23. Rxb4 Bxe4 24. Rxe4 Rxd1+ 25. Qxd1 c4 1/2-1/2